000 00900nac a22002891i 4500
003 EG-ScBUE
005 20250804091344.0
008 250804t2006 maua f 001 0 eng d
020 _a0071116621
020 _a007111663X
020 _a9780071116633
040 _aEG-ScBUE
_beng
_erda
_cEG-ScBUE
_dEG-ScBUE
082 0 4 _a547
_bSMI
_222
100 1 _aSmith, Janice Gorzynski,
_eauthor.
245 1 0 _aOrganic chemistry /
_cJanice Gorzynski Smith, University of Hawai at Manoa.
250 _aInternational edition.
264 1 _aBoston :
_bMcGraw-Hill,
_c[2006]
264 4 _cC2006
300 _a1 volume (various pagings) :
_billustrations ;
_c29 cm
336 _2rdacontent
_atext
_btxt
337 _aunmediated
_2rdamedia
_bn
338 _avolume
_bnc
_2rdacarrier
500 _aIncludes index.
650 7 _aChemistry, Organic.
_2BUEsh
655 _vReading book
942 _cBB
_2ddc
999 _c465
_d465